|
|
|
|
| LEADER |
00722nam#a2200217#a#4500 |
| 001 |
001206 |
| 005 |
20160721141923.0 |
| 008 |
950802s1989####ag##################spa#d |
| 040 |
|
|
|a AR-BeUNQ
|
| 099 |
|
|
|a 04-B6
|
| 110 |
2 |
|
|a Universidad Nacional de Rosario.
|b Secretaría académica
|
| 245 |
0 |
3 |
|a El sujeto y las vicisitudes de sus aprendizajes :
|b Una posible lectura
|c Secretaría académica, Universidad Nacional de Rosario.
|
| 260 |
|
|
|a Rosario :
|b Universidad Nacional de Rosario,
|c 1989
|
| 300 |
|
|
|a 27 p
|
| 490 |
0 |
|
|a Cuadernos de psicología y psicoanálisis ;
|v v. 5
|
| 650 |
|
7 |
|a APRENDIZAJE
|2 spines
|
| 650 |
|
7 |
|a PSICOLOGIA
|2 spines
|
| 650 |
|
7 |
|a SUJETO
|2 spines
|
| 929 |
|
|
|j 11622
|
| 942 |
|
|
|c LIB
|n 0
|
| 999 |
|
|
|c 4007
|d 79394
|